Možnosti kompresie dát Berlekamp - Masseyovým algoritmom

Uložené v:
Podrobná bibliografia
Hlavný autor: Beňo, Viktor (Autor)
Ďalší autori: Grošek, Otokar, 1950- (Vedúci práce)
Médium: Rukopis Kniha
Jazyk:Slovak
Vydavateľské údaje: Bratislava : STU v Bratislave FEI, 2001
Predmet:
Tagy: Pridať tag
Žiadne tagy, Buďte prvý, kto otaguje tento záznam!

MARC

LEADER 00000ntm a22000003a 4500
001 stu73565
005 20160719164809.1
008 020204s2001------------------------slo-d
040 |a STU  |b slo 
041 0 |a slo 
100 1 |a Beňo, Viktor  |4 aut 
245 1 |a Možnosti kompresie dát Berlekamp - Masseyovým algoritmom 
260 |a Bratislava :  |b STU v Bratislave FEI,  |c 2001 
300 |a 75 s 
650 7 |a informatika  |2 stusub 
700 1 |a Grošek, Otokar,  |d 1950-  |4 ths  |u E200  |U FEI Fakulta elektrotechniky a informatiky  |T FEI Katedra aplikovanej informatiky a výpočtovej techniky  |X 1973  |U E200  |Y 67  |7 A000001973 
996 |b EDIPL-6849  |c I*DIPL-6849  |l II680  |s A  |a 24  |w stu73565_0001